Les lauréates de l'artiste féminine aux Victoires de la Musique - Statistiques

Statistiques générales
  • Ce quiz a été pris 13 fois
  • Le résultat moyen est 5 sur 22
Answers on the Grid
Answers color-coded by a green-red scale on the quiz's grid according to % correct below.
Christine & the queens
Aya Nakamura
Lorie
Angèle
Olivia Ruiz
Carla Bruni
Amel Bent
Santa
Zaho de Sagazan
Charlotte Cardin
Lynda Lemay
Zazie
Clara Luciani
Françoise Hardy
Jain
Yael Naim
Véronique Sanson
Céline Dion
Juliette
Vanessa Paradis
Jenifer
Eve Angeli
Ophélie Winter
Catherine Ringer
Jeanne Added
Camille
Patricia Kaas
Pomme
Hélène Ségara
Marina Kaye
 
Statistiques - réponses
Réponse % Correct
Christine & the queens
78%
Aya Nakamura
44%
Angèle
33%
Lynda Lemay
33%
Olivia Ruiz
33%
Pomme
33%
Véronique Sanson
33%
Zaho de Sagazan
33%
Charlotte Cardin
22%
Clara Luciani
22%
Jain
22%
Patricia Kaas
22%
Carla Bruni
11%
Catherine Ringer
11%
Françoise Hardy
11%
Jeanne Added
11%
Juliette
11%
Vanessa Paradis
11%
Yael Naim
11%
Zazie
11%
Camille
0%
Hélène Ségara
0%
Aucun quiz correspondant
Distribution des résultats
% des personnes avec chaque résultat
Percentile par nombre de réponses
Votre historique - résultats
Vous n’avez pas pris ce quiz